| 000 | 00442nam a2200157Ia 4500 | ||
|---|---|---|---|
| 005 | 20250424120243.0 | ||
| 008 | 250424s9999 xx 000 0 und d | ||
| 022 | _a24085375 | ||
| 050 | _aHF 5601 .I46/ | ||
| 245 | 0 | _aIlorin journal of accounting | |
| 260 | _aKwara State | ||
| 260 | _bDepartment of Accounting Faculty of Management Sciences, University of Ilorin. | ||
| 260 | _c2015 | ||
| 300 | _aiv, 176 p. :ill. ; 24 cm. | ||
| 942 | _cSR | ||
| 999 |
_c38265 _d38265 |
||